String-of-Countries quiz - Statistics

General Stats
  • This quiz has been taken 45 times
    38 since last reset
  • The average score is 32 of 37
Answer Stats
Hint Country % Correct
23 Cuba
97%
7 Russia
97%
4 Andorra
94%
17 CapeVerde
94%
18 Denmark
94%
31 Germany
94%
3 Poland
94%
9 Angola
91%
24 Bahamas
91%
37 Canada
91%
15 Dominica
91%
33 France
91%
2 Liberia
91%
16 Nicaragua
91%
21 Qatar
91%
13 Austria
88%
11 Benin
88%
14 Chad
88%
19 Kenya
88%
1 Mali
88%
22 Rwanda
88%
29 Yemen
88%
12 India
84%
27 Kuwait
84%
35 Morocco
84%
6 Peru
84%
8 Iran
81%
28 Italy
81%
10 Latvia
81%
26 Tuvalu
81%
36 Costa Rica
78%
34 East Timor
78%
5 Spain
78%
20 Iraq
75%
32 Ghana
66%
30 Niger
63%
25 Chile
59%
No matching quizzes found
Score Distribution
Percent of People with Each Score
Percentile by Number Answered
Your Score History
You have not taken this quiz since the last reset